A theory of semiotics / (Record no. 7368)

MARC details
000 -LEADER
fixed length control field 00753pam a2200265 i 4500
001 - CONTROL NUMBER
control field 4097115
003 - CONTROL NUMBER IDENTIFIER
control field OSt
005 - DATE AND TIME OF LATEST TRANSACTION
control field 20210929101038.0
008 - FIXED-LENGTH DATA ELEMENTS--GENERAL INFORMATION
fixed length control field 750129s1976 inua b 001 0 eng
010 ## - LIBRARY OF CONGRESS CONTROL NUMBER
LC control number 74022833
020 ## - INTERNATIONAL STANDARD BOOK NUMBER
International Standard Book Number 0253359554 :
Terms of availability $15.00
040 ## - CATALOGING SOURCE
Original cataloging agency DLC
Transcribing agency hu
Modifying agency DLC
050 00 - LIBRARY OF CONGRESS CALL NUMBER
Classification number P99
Item number .E3
082 00 - DEWEY DECIMAL CLASSIFICATION NUMBER
Classification number 301.2/1
100 1# - MAIN ENTRY--PERSONAL NAME
Personal name Eco, Umberto.
9 (RLIN) 7893
245 12 - TITLE STATEMENT
Title A theory of semiotics /
Statement of responsibility, etc. Umberto Eco.
260 ## - PUBLICATION, DISTRIBUTION, ETC.
Place of publication, distribution, etc. Bloomington :
Name of publisher, distributor, etc. Indiana University Press,
Date of publication, distribution, etc. c1976.
300 ## - PHYSICAL DESCRIPTION
Extent ix, 354 p.
Other physical details ill. ;
Dimensions 24 cm.
440 #0 - SERIES STATEMENT/ADDED ENTRY--TITLE
Title Advances in semiotics
9 (RLIN) 7894
500 ## - GENERAL NOTE
General note Includes indexes.
504 ## - BIBLIOGRAPHY, ETC. NOTE
Bibliography, etc. note Bibliography p. 319-346.
650 #0 - SUBJECT ADDED ENTRY--TOPICAL TERM
Topical term or geographic name entry element Semiotics.
9 (RLIN) 7895
906 ## - LOCAL DATA ELEMENT F, LDF (RLIN)
a 7
b cbc
c orignew
d 1
e ocip
f 19
g y-gencatlg
942 ## - ADDED ENTRY ELEMENTS (KOHA)
Source of classification or shelving scheme Dewey Decimal Classification
Koha item type Books like text book referance book
Suppress in OPAC No
Holdings
Withdrawn status Lost status Source of classification or shelving scheme Damaged status Not for loan Home library Current library Shelving location Date acquired Total Checkouts Full call number Barcode Date last seen Copy number Price effective from Koha item type
    Dewey Decimal Classification     Social Library Social Library General Stacks 09/29/2021   301.21/eco SHLIB00009624 09/29/2021 1 09/29/2021 Books like text book referance book